| 000 | 005410000a22001810004500 | ||
|---|---|---|---|
| 090 |
_aAR _b01474 |
||
| 245 | 1 | 0 | _aPost-natal growth and energetics of suckling bats |
| 650 | 1 | 4 |
_aMurciélagos _92659 |
| 650 | 1 | 4 |
_aFisiología animal _99500 |
| 650 | 1 | 4 |
_aBiología _992 |
| 650 | 1 | 4 |
_aDesarrollo animal _994820 |
| 653 |
_gMyotis _eMyotis lucífugus |
||
| 653 |
_gEptesicus _eEptesycus fuscus |
||
| 041 | 0 | _aInglés | |
| 100 | 1 |
_aKunz, Thomas H. _994801 |
|
| 942 | _cARTICULO | ||
| 773 | 1 |
_tRecent Advances in the Study of Bats _3528 _q395-420 _d1987 |
|
| 999 |
_c10558 _d10558 |
||